Fundaciones : régimen jurídico y actuación empresarial /

Guardado en:
Autor Principal: Crovi, Luis Daniel.
Formato: Libro
Idioma:Spanish
Publicado: Buenos Aires : Abeledo Perrot, 2008
Edición:1a. ed.
Materias:
Etiquetas: Agregar Etiqueta
Sin Etiquetas, Sea el primero en etiquetar este registro!
LEADER 00484nam a22001575a 4500
001 DER.der008541
008 180615s2008####ag#||||||||||||||#||spa||
005 20251017112203.0
245 1 0 |a Fundaciones :  |b régimen jurídico y actuación empresarial /  |c Luis Daniel Crovi. 
250 |a 1a. ed. 
260 |a Buenos Aires :  |b Abeledo Perrot,  |c 2008 
300 |a 333 p. 
020 |a 9789502018853 
100 1 |a Crovi, Luis Daniel. 
650 7 |a DERECHO CIVIL 
859 |a DERECHO  |b BIB. DERECHO  |h 346  |i CRO  |p 006138